00461cam a22001691 450000100070000000500170000700800410002401000170006504000180008204100080010008000230010808200230013110000060015410100080016024500930016850400300026175296120180222081834.0711013s1966 nyu b 000 0 eng  a 66017695  aDLCcDLCdDLC aeng a616.8900724 PER00a616.8900724 PER1 a4 aSHM14aThe human nature of science;c[by] Stewart E. Perry. With a foreword by John P. Spiegel. aBibliography: p. 266-277.